| 000 | 00719nam a2200253Ia 4500 | ||
|---|---|---|---|
| 003 | OSt | ||
| 005 | 20220912150417.0 | ||
| 006 | a|||||r|||| 00| 0 | ||
| 007 | ta | ||
| 008 | 220909b |||||||| |||| 00| 0 eng d | ||
| 024 | _a19259 | ||
| 037 | _cTextual | ||
| 040 |
_aCSL _beng _cCSL |
||
| 041 | _aeng | ||
| 082 | _aBobAg, L4 | ||
| 100 | _aAssaf Karen | ||
| 245 | 0 | _aHandbook of Mathematical Calculations for science students and researchers | |
| 260 |
_aAmes Iowa _bState University Press _c1974 |
||
| 300 |
_axv,309p. _ccm. |
||
| 650 | _aMathematics-Handbooks manuals | ||
| 700 | _a Assaf Said A. | ||
| 942 |
_hBobAg, L4 _cTEXL _2CC |
||
| 999 |
_c46999 _d46999 |
||